| 000 | 01465nam a2200361Ia 4500 | ||
|---|---|---|---|
| 001 | ebr10662873 | ||
| 003 | CaPaEBR | ||
| 006 | m u | ||
| 007 | cr cn||||||||| | ||
| 008 | 090819s2010 nyu sb 001 0 eng d | ||
| 010 | _z 2009034181 | ||
| 020 | _z9781612098043 | ||
| 020 | _z9781607415367 (hbk.) | ||
| 020 | _z1607415364 (hbk.) | ||
| 040 |
_aCaPaEBR _cCaPaEBR |
||
| 035 | _a(OCoLC)698110350 | ||
| 050 | 1 | 4 |
_aKF480 _b.V38 2010eb |
| 082 | 0 | 4 |
_a342.7308/7 _222 |
| 100 | 1 | _aVaughn, John R. | |
| 245 | 1 | 2 |
_aA comparative analysis of disability laws _h[electronic resource] / _cJohn R. Vaughn. |
| 260 |
_aNew York : _bNova Science Publishers, _cc2010. |
||
| 300 | _aix, 123 p. | ||
| 490 | 1 | _aLaws and legislation series | |
| 504 | _aIncludes bibliographical references and index. | ||
| 533 |
_aElectronic reproduction. _bPalo Alto, Calif. : _cebrary, _d2013. _nAvailable via World Wide Web. _nAccess may be limited to ebrary affiliated libraries. |
||
| 630 | 0 | 0 |
_aConvention on the Rights of Persons with Disabilities and Optional Protocol _d(2007) |
| 650 | 0 |
_aPeople with disabilities _xLegal status, laws, etc. _zUnited States. |
|
| 650 | 0 |
_aInternational and municipal law _zUnited States. |
|
| 655 | 7 |
_aElectronic books. _2local |
|
| 710 | 2 | _aebrary, Inc. | |
| 830 | 0 | _aLaws and legislation series. | |
| 856 | 4 | 0 |
_uhttp://site.ebrary.com/lib/rucke/Doc?id=10662873 _zAn electronic book accessible through the World Wide Web; click to view |
| 999 |
_c171849 _d171849 |
||